Every Mario Party Character - Statistics

General Stats
  • This quiz has been taken 41 times
  • The average score is 22 of 29
Answer Stats
Hint Answer % Correct
MP1 Luigi
96%
MP1 Mario
96%
MP1 Peach
96%
MP5 Toad
96%
MP1 Yoshi
96%
MP3 Daisy
93%
MP1 Wario
93%
SMP Bowser
89%
MP1 Donkey Kong
89%
MP3 Waluigi
89%
MP5 Boo
82%
MP6 Toadette
82%
SMP Diddy Kong
79%
MP9 Koopa Troopa
79%
MP7 Birdo
75%
SMP Bowser Jr
75%
SMP Goomba
75%
MP10 Rosalina
75%
MP7 Dry Bones
71%
SMPJ Pauline
64%
MP9 Shy Guy
64%
MP8 Hammer Bro
61%
MP8 Blooper
54%
SMP Monty Mole
54%
SMPJ Ninji
54%
MP10 Spike
54%
MP5 Koopa Kid
50%
MP9 Kamek
46%
SMP Pom Pom
46%
No matching quizzes found
Score Distribution
Percent of People with Each Score
Percentile by Number Answered
Your Score History
You have not taken this quiz